Parole che iniziano con la "W" - Statistics

Statistiche generali
  • Questo quiz è stato fatto 227 volte
  • Il punteggio medio è 11 su 15
Statistiche sulle risposte
INDIZIO RISPOSTA % Corretto
Parte della settimana che comprende il sabato e la domenica Weekend
100%
Unità di misura usata per esprimere la potenza Watt
97%
Fu il primo presidente d'America Washington
95%
Abbreviazione inglese di gabinetto WC
94%
Salsa verde giapponese estremamente piccante Wasabi
88%
Uno dei siti Internet di informazione più usati in tutto il mondo Wikipedia
86%
Qui la coalizione anglo-prussa sconfisse Napoleone Waterloo
84%
Supereroina dell'universo della DC Wonder Woman
78%
In questa abbazia vengono incoronati i re e le regine inglesi Westminster
72%
Torneo di tennis che si svolge dopo l'open di Francia Wimbledon
72%
Insieme delle pagine in rete collegate fra loro Web
66%
Trasformano la margherita in viennese Wurstel
59%
Andando in palestra si fa ________ Workout
52%
Videogioco in cui devi indovinare una parola in 6 tentativi Wordle
49%
Scandalo americano in cui fu coinvolto lo stesso presidente Nixon Watergate
46%
Nessun quiz corrispondente trovato
Distribuzione punteggi
Percentuale di utenti per punteggio
Percentile per numero di risposta
I tuoi punteggi nel tempo
Non hai fatto questo quiz